000 01315nam a2200373 i 4500
001 8180
003 KOSZ 005
005 20200630132817.0
008 081010s1957 pl a f 000 0 pol
015 _aPB 1957/4685
040 _aWA N
_cKOSZ 005/RW
_dKOSZ 005/RW
_dKOSZ 005/HR
041 1 _apol
_hger
046 _k1957
080 _a53.01
100 1 _aWeizel, Walter
_d(1901- ).
_eAutor.
245 1 0 _aFizyka teoretyczna :
_bbudowa materii.
_nT. 2, 1 /
_cWalter Weizel ; [z niem. tł. Walerian Zientek].
246 1 _iTyt. oryg.:
_aLehrbuch der theoretischen Physik.
_f1950
260 _aWarszawa :
_bPaństwowe Wydawnictwo Naukowe,
_c1957.
300 _a501, [2] s., [5] k. tabl. :
_bil. ;
_c25 cm.
336 _2rdacontent
_aTekst
_btxt
337 _2rdamedia
_aBez urządzenia pośredniczącego
_bn
338 _2rdacarrier
_aWolumin
_bnc
380 _aKsiążki.
388 _a1901-2000
658 _aFizyka i astronomia
650 4 _aFizyka
650 4 _aAtom
650 4 _aCząstki elementarne
650 4 _aTeoria kwantów
700 1 _aZientek, Walerian.
_eTłumaczenie
710 2 _aPaństwowe Wydawnictwo Naukowe
_4pbl.
856 _uhttp://koha.tu.koszalin.pl/cgi-bin/koha/opac-detail.pl?biblionumber=8180
_yKatalog online BPK
942 _2UKD
_cKS
999 _c8180
_d8180